000 00572nam a22001817a 4500
005 20251108170920.0
008 250721s1979 xx 000 0 ara d
082 1 4 _a301.3295661/محم
100 1 _aالرويثي، محمد أحمد
245 1 0 _aسكان المملكة العربية السعودية :
_bدراسة جغرافية ديموغرافية /
250 _aط2
264 1 _aالرياض :
_bدار اللواء للنشر،
_c1979.
300 _a183ص
650 1 7 _aالسعودية
650 1 7 _aالسكان
942 _2ddc
_cBK
999 _c52013
_d52013